Artaud el Momo y otros poemas / (Record no. 156353)

MARC details
000 -LEADER
campo de control de longitud fija 00759nam a22002175i 4500
001 - NÚMERO DE CONTROL
campo de control 156353
003 - IDENTIFICADOR DE NÚMERO DE CONTROL
campo de control ES-MaACL
005 - FECHA Y HORA DE LA ÚLTIMA TRANSACCIÓN
campo de control 20230906210406.0
008 - DATOS DE LONGITUD FIJA--INFORMACIÓN GENERAL
campo de control de longitud fija 150903s1976 ag a |||| | spa d
080 ## - NÚMERO DE LA CLASIFICACIÓN DECIMAL UNIVERSAL
Número de la Clasificación Decimal Universal 821.133.1-14"19"
100 1# - ENTRADA PRINCIPAL--NOMBRE DE PERSONA
Nombre de persona Artaud, Antonin.
9 (RLIN) 23422
245 10 - MENCIÓN DEL TÍTULO
Título Artaud el Momo y otros poemas /
Mención de responsabilidad, etc. Antonin Artaud ; [traducción directa del francés: Maria Irene Bordaberry y Nora Pasternac.
260 ## - PUBLICACIÓN, DISTRIBUCIÓN, ETC.
Lugar de publicación, distribución, etc. Buenos Aires :
Nombre del editor, distribuidor, etc. Caldén,
Fecha de publicación, distribución, etc. 1976.
300 ## - DESCRIPCIÓN FÍSICA
Extensión 114 p. ;
Dimensiones 20 cm.
490 1# - MENCIÓN DE SERIE
Mención de serie El hombre y su mundo ;
Designación de volumen o secuencia 21
700 1# - ENTRADA AGREGADA--NOMBRE PERSONAL
Nombre de persona Bordaberry, María Irene.
9 (RLIN) 157165
700 1# - ENTRADA AGREGADA--NOMBRE PERSONAL
Nombre de persona Pasternac, Nora.
9 (RLIN) 157166
830 0# - PUNTO DE ACCESO ADICIONAL DE SERIE-TÍTULO UNIFORME
Título uniforme El hombre y su mundo ;
Designación de volumen o secuencia 21
9 (RLIN) 191851
852 ## - LOCALIZACIÓN
Ubicación ES-MaACL
Número de control de estantería L-30135
Nota libre .- Donat. Miguel A. Velasco
Holdings
Estatus retirado Estado de pérdida Estado de daño No para préstamo Biblioteca de origen Biblioteca actual Ubicación en estantería Fecha de adquisición Fuente de adquisición Total de préstamos Signatura topográfica completa Código de barras Visto por última vez Precio de reemplazo Tipo de ítem Koha
        Biblioteca del Ateneo de Madrid Biblioteca del Ateneo de Madrid Depósito 2 03/08/2015     L-30135 1193987 23/02/2023 23/02/2023 Libro impreso